| 000 | 00738nam a22002177a 4500 | ||
|---|---|---|---|
| 005 | 20150617143138.0 | ||
| 008 | 140714b xxu||||| |||| 00| 0 Urdu d | ||
| 010 | _aUR-9078 | ||
| 020 | _c175.00 | ||
| 035 | _aU-7633 | ||
| 037 | _bDBAD | ||
| 040 |
_aDPL _bUrdu |
||
| 082 | _a841.270 | ||
| 100 | _aمحمد ا سلا م ر شيد ی | ||
| 245 |
_aا ر د و غز ل پر تصو ف کے ا ثر ا ت _cمحمد ا سلا م ر شيد ی |
||
| 246 | h |
_aUrdu Ghazal Per Tasawoof ke Asrat _bByDr. Mohd. Islam Rasheedi |
|
| 260 |
_bGlobal Publications _c2014 _aRajisthan |
||
| 270 |
_a220,K.K.Complex,Ramganj Bazar _bJaipur _k9460866130 _e - |
||
| 300 |
_a320ص _c22Cm (Hb) |
||
| 942 |
_2ddc _cUR _e _h841.270 _mا س ل |
||
| 999 |
_c94329 _d94329 |
||